Dictionary of Filipino quotations : (Record no. 10086)

MARC details
000 -LEADER
fixed length control field 00575nam a22001817a 4500
003 - CONTROL NUMBER IDENTIFIER
control field OSt
005 - DATE AND TIME OF LATEST TRANSACTION
control field 20260430024848.0
008 - FIXED-LENGTH DATA ELEMENTS--GENERAL INFORMATION
fixed length control field 260430b |||||||| |||| 00| 0 eng d
020 ## - INTERNATIONAL STANDARD BOOK NUMBER
International Standard Book Number 971-8970-48-7.
040 ## - CATALOGING SOURCE
Original cataloging agency DWC-Main Lib.
Transcribing agency OC
082 ## - DEWEY DECIMAL CLASSIFICATION NUMBER
Classification number Res. 082 Si39d 2000
100 ## - MAIN ENTRY--PERSONAL NAME
Personal name Silverio, Julio F.
245 ## - TITLE STATEMENT
Title Dictionary of Filipino quotations :
Remainder of title book one/
Statement of responsibility, etc. Julio F. Silverio
260 ## - PUBLICATION, DISTRIBUTION, ETC.
Place of publication, distribution, etc. Manila :
Name of publisher, distributor, etc. M & L Licudine Enterprises,
Date of publication, distribution, etc. c2000.
300 ## - PHYSICAL DESCRIPTION
Extent 221 p. ;
Dimensions 18 cm.
650 ## - SUBJECT ADDED ENTRY--TOPICAL TERM
Topical term or geographic name entry element 1. Dictionaries - Quotations - Filipino.
942 ## - ADDED ENTRY ELEMENTS (KOHA)
Source of classification or shelving scheme Dewey Decimal Classification
Koha item type Book- Reserved
Classification part Res.
Suppress in OPAC No
952 ## - LOCATION AND ITEM INFORMATION (KOHA)
--
952 ## - LOCATION AND ITEM INFORMATION (KOHA)
--
952 ## - LOCATION AND ITEM INFORMATION (KOHA)
--
Holdings
Withdrawn status Lost status Source of classification or shelving scheme Damaged status Not for loan Home library Current library Shelving location Date acquired Source of acquisition Cost, normal purchase price Total Checkouts Full call number Barcode Date last seen Copy number Price effective from Koha item type Uniform Resource Identifier
    Dewey Decimal Classification     College Library College Library Reserved 01/30/2003 School Fund 112.00   Res. 082 Si39d 2000 CL36203 04/30/2026 c1 04/30/2026 BK-0 CIRC
    Dewey Decimal Classification     College Library College Library Reserved 01/30/2003 School Fund 112.00   Res. 082 Si39d 2000 CL36668 04/30/2026 c2 04/30/2026 BK-0 CIRC
    Dewey Decimal Classification     College Library College Library Reserved 01/30/2003 School Fund 112.00   Res. 082 Si39d 2000 CL36669 04/30/2026 c3 04/30/2026 BK-0 CIRC